[Event "HUN-chT Youth-Children 2018"]
[Site "Zalakaros"]
[Date "2018.07.27"]
[Round "4"]
[White "Vadkerti, Vince"]
[Black "Gulacsi, Donat Ferenc"]
[Result "1/2-1/2"]
[WhiteElo "1299"]
[BlackElo "1610"]
[Annotator "NA"]
[PlyCount "86"]
[EventDate "2018.07.26"]
[EventType "team-tourn"]
[EventCountry "HUN"]
[SourceTitle "playchess.com"]
[Source "ChessBase"]
[SourceQuality "1"]
[TimeControl "5400+30"]

1. e4 {[%emt 0:00:21]} c6 {[%emt 0:00:30]} 2. d4 {[%emt 0:00:29]} d5 {[%emt 0:00:04]} 3. exd5 {[%emt 0:00:42]} cxd5 {[%emt 0:00:11]} 4. Nf3 {[%emt 0:00:57]} Nf6 {[%emt 0:00:43]} 5. Bg5 {[%emt 0:01:07]} Bf5 {[%emt 0:04:02]} 6. Bxf6 {[%emt 0:01:23]} exf6 {[%emt 0:00:58]} 7. Bb5+ {[%emt 0:02:24]} Nd7 {[%emt 0:02:33]} 8. O-O {[%emt 0:02:24]} Bb4 {[%emt 0:08:27]} 9. c3 Bd6 {[%emt 0:02:24]} 10. Re1+ {[%emt 0:03:36]} Be6 {[%emt 0:00:36]} 11. Qa4 {[%emt 0:02:32]} Be7 {[%emt 0:07:33]} 12. Bxd7+ {[%emt 0:03:19]} Qxd7 {[%emt 0:00:58]} 13. Qxd7+ {[%emt 0:00:45]} Kxd7 {[%emt 0:01:32]} 14. Nbd2 {[%emt 0:01:33]} b5 {[%emt 0:01:13]} 15. Re3 {[%emt 0:02:28]} Rhc8 {[%emt 0:04:37]} 16. a3 {[%emt 0:02:15]} Rc7 {[%emt 0:06:13]} 17. Rae1 {[%emt 0:03:13]} a5 {[%emt 0:02:31]} 18. Nh4 {[%emt 0:05:41]} g6 {[%emt 0:02:47]} 19. Nf1 {[%emt 0:03:21]} Rac8 {[%emt 0:04:45]} 20. R3e2 {[%emt 0:04:35]} b4 {[%emt 0:03:00]} 21. axb4 {[%emt 0:00:49]} axb4 {[%emt 0:00:06]} 22. cxb4 {[%emt 0:00:42]} Rc2 {[%emt 0:02:06]} 23. Rxc2 {[%emt 0:03:27]} Rxc2 {[%emt 0:00:08]} 24. Rb1 {[%emt 0:01:47]} Bxb4 {[%emt 0:00:40]} 25. Nf3 {[%emt 0:01:19]} Kc6 {[%emt 0:06:21]} 26. Ne3 {[%emt 0:01:35]} Re2 {[%emt 0:00:22]} 27. Kf1 {[%emt 0:00:46]} Rxe3 {[%emt 0:02:39]} 28. fxe3 {[%emt 0:00:16]} Kb5 {[%emt 0:00:40]} 29. Ke2 {[%emt 0:02:30]} Ka4 {[%emt 0:03:30]} 30. b3+ {[%emt 0:02:38]} Ka3 {[%emt 0:00:55]} 31. Ra1+ {[%emt 0:04:20]} Kxb3 {[%emt 0:01:31]} 32. Nd2+ {[%emt 0:02:59]} Kc2 {[%emt 0:02:21]} 33. Ra2+ {[%emt 0:02:36]} Kc1 {[%emt 0:00:39]} 34. Kd3 {[%emt 0:03:23]} Bd7 {[%emt 0:06:47]} 35. Ra1+ {[%emt 0:01:55]} Kb2 {[%emt 0:00:08]} 36. Rb1+ {[%emt 0:00:33]} Ka3 {[%emt 0:00:10]} 37. Ra1+ {[%emt 0:01:04]} Kb2 {[%emt 0:00:14]} 38. Rb1+ {[%emt 0:04:53]} Ka3 {[%emt 0:00:13]} 39. Ra1+ {[%emt 0:00:30]} Kb2 {[%emt 0:00:50]} 40. Rb1+ {[%emt 0:00:45]} Ka3 41. Rb3+ Ka4 42. Rb1 Ka3 43. Nb3 Bf5+ {Nd2 Bd7} 1/2-1/2

[Event "HUN-chT Youth-Children 2018"]
[Site "Zalakaros"]
[Date "2018.07.27"]
[Round "4"]
[White "Kobol, Kitti"]
[Black "Herczeg, Viktoria"]
[Result "*"]
[WhiteElo "1224"]
[BlackElo "1238"]
[Annotator "NA"]
[PlyCount "25"]
[EventDate "2018.07.26"]
[EventType "team-tourn"]
[EventCountry "HUN"]
[SourceTitle "playchess.com"]
[Source "ChessBase"]
[SourceQuality "1"]
[TimeControl "5400+30"]

1. e4 {[%emt 0:00:00]} e5 {[%emt 0:00:17]} 2. Nf3 {[%emt 0:00:00]} Nc6 {[%emt 0:00:19]} 3. Nc3 {[%emt 0:00:00]} Bc5 {[%emt 0:00:19]} 4. Bc4 {[%emt 0:00:09]} d6 {[%emt 0:00:31]} 5. d3 {[%emt 0:00:47]} Bg4 {[%emt 0:00:34]} 6. h3 {[%emt 0:01:13]} Bh5 {[%emt 0:00:18]} 7. Bb5 {[%emt 0:02:34]} Nge7 {[%emt 0:04:52]} 8. g4 {[%emt 0:03:00]} Bg6 {[%emt 0:00:57]} 9. h4 {[%emt 0:00:29]} f6 {[%emt 0:00:22]} 10. Bc4 {[%emt 0:00:17]} h5 {[%emt 0:03:41]} 11. g5 {[%emt 0:01:08]} fxg5 {[%emt 0:01:45]} 12. Nxg5 {[%emt 0:00:09]} Qd7 {[%emt 0:01:50]} 13. Ne6 {[%emt 0:06:24]} *

[Event "HUN-chT Youth-Children 2018"]
[Site "Zalakaros"]
[Date "2018.07.28"]
[Round "5"]
[White "Marosi, Levente"]
[Black "Buzas, Bertalan"]
[Result "1/2-1/2"]
[WhiteElo "2337"]
[BlackElo "2230"]
[Annotator "TA"]
[PlyCount "41"]
[EventDate "2018.07.26"]
[EventType "team-tourn"]
[EventCountry "HUN"]
[SourceTitle "playchess.com"]
[Source "ChessBase"]
[SourceQuality "1"]

{[%evp 21,41,42,40,-22,-8,-13,-5,-17,0,-24,-20,-50,-44,-55,-31,-30,-35,-35,-9,-62,-19,-82]} 1. e4 c6 2. Nc3 d5 3. d4 dxe4 4. Nxe4 Nf6 5. Nxf6+ exf6 6. c3 Bd6 7. Bd3 O-O 8. Qc2 Re8+ {B15: Caro-Kann: 3 Nc3: 3...g6 and 3...dxe4 4 Nxe4 Nf6 5 Nxf6+ exf6} 9. Ne2 h5 (9... g6 10. h4 Nd7 11. h5 Nf8 12. Be3 Be6 13. O-O-O a5 14. Kb1 a4 15. hxg6 fxg6 16. c4 Bf7 17. Nc3 a3 18. b3 f5 {0-1 (29) Saric,I (2669)-Jobava,B (2690) Riadh 2017}) 10. Be3 Nd7 11. O-O-O Nf8 {LiveBook: 11 Games} 12. Ng3 (12. Kb1 $14) 12... Be6 13. Kb1 g6 14. Ne4 $146 ({Predecessor:} 14. Bh6 f5 15. Bc1 b5 16. Ne2 a5 {0-1 (31) Dahl,T (2193)-Hansen,T (2397) Kristiansund 2017}) 14... Be7 15. h4 b5 16. f3 f5 17. Ng5 Bxg5 18. Bxg5 Qd5 19. b3 a5 20. Bh6 ({White should play} 20. Rhg1 $11) 20... Kh7 (20... a4 $5 {[%cal Ra4b3]}) 21. Bxf8 {Precision: White = 10%, Black = 48%.} (21. c4 $11 Qd7 22. Bc1) 1/2-1/2

[Event "HUN-chT Youth-Children 2018"]
[Site "Zalakaros"]
[Date "2018.07.28"]
[Round "5"]
[White "Polyik, Peter"]
[Black "Bohus, Adam"]
[Result "1-0"]
[WhiteElo "2265"]
[BlackElo "2231"]
[Annotator "TA"]
[PlyCount "47"]
[EventDate "2018.07.26"]
[EventType "team-tourn"]
[EventCountry "HUN"]
[SourceTitle "playchess.com"]
[Source "ChessBase"]
[SourceQuality "1"]

{[%evp 18,47,44,31,46,31,26,56,64,22,97,47,43,44,140,120,167,174,184,181,579,523,526,515,523,493,524,496,753,711,922,918]} 1. d4 d5 2. c4 dxc4 3. e4 b5 4. a4 c6 5. axb5 (5. Nc3 a6 6. Nf3 e6 7. Be2 Nf6 8. axb5 cxb5 9. Nxb5 axb5 10. Rxa8 Bb7 11. Ra1 Bb4+ 12. Bd2 Bxd2+ 13. Qxd2 Nxe4 {0-1 (36) Korobov,A (2652)-Andreikin,D (2712) Huaian 2017}) 5... cxb5 6. Nc3 {D20: Angenommenes Damengambit} a6 7. Nxb5 axb5 8. Rxa8 Bb7 9. Ra2 e6 10. f3 {LiveBook: 4 Partien} Nc6 11. b3 Bb4+ 12. Kf2 $1 Bc5 $146 13. Ne2 {zielt auf bxc4 ab.} e5 (13... f5 $1 $11 {hält das Gleichgewicht.}) 14. bxc4 $16 exd4 15. cxb5 Nb4 ({Lieber} 15... d3+ $14 16. Ke1 Nb4) 16. Rb2 {Und weiter mit Txb4 wäre nett.} d3+ {[#]} 17. Be3 $1 {[%cal Re3c5]} Qb6 {[#]} 18. Qd2 $1 Nf6 $2 (18... Nc2 19. Rxc2 dxc2) 19. Bxc5 {Weiß steht klar auf Gewinn.} Qxc5+ 20. Qe3 dxe2 21. Bxe2 ({Weniger gut wäre} 21. Qxc5 Nd3+ 22. Kxe2 Nxc5 $16) 21... Qe7 {Droht ...Sg4+! und aus.} 22. Rhb1 Nxe4+ (22... Nbd5 $142 23. exd5 Qxe3+ 24. Kxe3 Kd7) 23. fxe4 $18 Qh4+ 24. Kg1 {Precision: Weiß = 88%, Schwarz = 22%.} 1-0

[Event "HUN-chT Youth-Children 2018"]
[Site "Zalakaros"]
[Date "2018.07.28"]
[Round "5"]
[White "Ugroczky, Peter"]
[Black "Koszta, Benedek"]
[Result "1-0"]
[WhiteElo "2247"]
[BlackElo "1901"]
[Annotator "TA"]
[PlyCount "113"]
[EventDate "2018.07.26"]
[EventType "team-tourn"]
[EventCountry "HUN"]
[SourceTitle "playchess.com"]
[Source "ChessBase"]
[SourceQuality "1"]

{[%evp 26,113,29,29,127,126,126,123,126,127,133,125,140,118,148,145,181,177,165,185,171,165,181,173,229,228,236,219,231,234,251,254,289,279,285,297,668,648,648,602,743,728,764,749,605,287,302,299,297,284,329,323,379,359,379,376,398,347,856,831,781,764,741,716,1177,1131,1175,1178,1140,1038,1002,1023,983,964,967,799,1218,1129,1145,823,815,751,787,685,6407,29977,29977,29978,6375,6299]} 1. e4 c5 2. Nf3 d6 3. d4 cxd4 4. Qxd4 Nc6 5. Bb5 Bd7 6. Bxc6 Bxc6 7. Nc3 Nf6 8. Bg5 e6 9. O-O-O Be7 10. Qd3 O-O 11. Nd4 Rc8 12. f4 {[%cal Bf2f4,Bf4f5][%mdl 32] B53: Sicilian: 2...d6: Lines with Qxd4} Qc7 13. Kb1 a6 14. f5 {[#] LiveBook: 3 Games. White has an edge.} e5 $146 (14... Bxe4 $11 15. Nxe4 Nxe4 16. Qxe4 (16. Bxe7 Nc5 $11) 16... Bxg5) ({Predecessor:} 14... Bd7 15. Nde2 Rfd8 16. Nf4 Qc4 17. Nh5 Qxd3 18. Rxd3 exf5 19. Bxf6 gxf6 {½-½ (44) Macieja,B (2612)-Babula,V (2572) Warsaw 2011}) 15. Nxc6 bxc6 16. Bxf6 Bxf6 17. Qxd6 Qa5 18. Qd2 Qb6 19. g4 Rb8 {[%csl Gb8][%cal Rb6b2] [#]} 20. b3 Be7 21. Na4 Qb5 {White must now prevent ...Qxa4.} 22. Nb2 Rfd8 23. Qg2 Rxd1+ 24. Rxd1 h6 (24... Qb4 $142 25. Qe2 Qb6) 25. a4 $18 Qc5 26. Qe2 a5 27. Qc4 Qb6 28. Qc3 Rd8 29. Rxd8+ (29. Qxe5 Bf6 $11) 29... Bxd8 30. Qxe5 Bf6 $2 (30... f6 31. Qe8+ Kh7 32. Qg6+ Kg8) 31. Qe8+ Kh7 32. e5 Qg1+ 33. Ka2 Qe1 34. Nd3 Qe2 35. Qxc6 (35. Qxf7 $142 Qxc2+ 36. Nb2) 35... Bxe5 36. Nxe5 Qxe5 {[%mdl 4096] Endgame KQ-KQ} 37. Qg2 Qc3 38. Qe4 f6 39. Qd3 Qe1 40. h3 Qc1 41. c4 {[%cal Bc2c4,Bc4c5,Bc5c6][%mdl 32]} Qe1 $2 (41... h5 42. gxh5 Qg1) 42. Qc2 Qh1 43. c5 Qc6 44. Qc3 Qc7 45. c6 Kh8 46. Qc5 Kh7 47. Qd5 Qh2+ 48. Kb1 Qg1+ 49. Kc2 Qf2+ 50. Kd3 Qf1+ 51. Kd4 Qf4+ {[#]} 52. Qe4 $1 {[%cal Re4f4]} Qd6+ 53. Kc3 Qc5+ 54. Kb2 Qf2+ 55. Qc2 Qd4+ 56. Ka2 Qd8 57. c7 {Precision: White = 86%, Black = 28%.} 1-0

[Event "HUN-chT Youth-Children 2018"]
[Site "Zalakaros"]
[Date "2018.07.28"]
[Round "5"]
[White "Pribelszky, Bence"]
[Black "Birovecz, Ben Jordan"]
[Result "1-0"]
[WhiteElo "2245"]
[BlackElo "1901"]
[Annotator "TA"]
[PlyCount "95"]
[EventDate "2018.07.26"]
[EventType "team-tourn"]
[EventCountry "HUN"]
[SourceTitle "playchess.com"]
[Source "ChessBase"]
[SourceQuality "1"]

{[%evp 18,95,31,27,29,17,28,29,33,4,12,6,45,47,90,65,67,75,77,69,108,105,164,127,150,172,174,165,183,168,191,158,383,135,150,141,139,89,89,89,89,89,76,85,228,228,220,228,270,252,387,402,422,241,249,249,245,225,412,360,360,282,379,347,369,323,309,-229,267,206,434,337,437,372,563,626,499,499,29979,29980]} 1. e4 e5 2. Nf3 Nc6 3. Bc4 Nf6 4. d3 Be7 5. c3 d6 6. Bb3 O-O 7. Nbd2 Na5 8. Bc2 c5 9. O-O Qc7 10. Re1 {LiveBook: 33 Games. C55: Two Knights: 4 d3, 4 d4 exd4 5 e5 and Max Lange Attack} b5 (10... Be6 11. Nf1 Rad8 12. h3 Nc6 13. Ng3 d5 14. Qe2 d4 15. Bb3 c4 16. Bxc4 Bxc4 17. dxc4 dxc3 18. bxc3 {0-1 (53) Kosten,A (2497)-Flear,G (2497) France 2009}) 11. Nf1 Nc6 12. Ne3 {White has an edge.} a5 $146 ({Predecessor:} 12... Rb8 13. h3 b4 14. Nh2 Be6 15. Nhg4 Nxg4 16. hxg4 bxc3 17. bxc3 Bg5 {0-1 (29) Shliahtich,G (2204)-Krikunov,V (2200) Wisla 2007}) 13. d4 cxd4 14. cxd4 Nb4 15. Bb1 $1 Bd7 16. a3 Na6 17. Nd5 Nxd5 18. exd5 {[%cal Rd4e5]} e4 19. Bxe4 Bf6 (19... Qd8 $16 20. h3 f5) 20. Bf4 Rac8 21. Qd3 g6 22. h4 Bg7 23. Qd2 h5 24. Bh6 Qb6 $2 (24... Qd8 $16 25. Bxg7 Kxg7) 25. Qg5 $2 (25. Bxg7 $18 {White threatens Qh6 and mate.} Kxg7 {[#]} 26. Bxg6 $1 {[%mdl 512]} fxg6 27. Re7+ Rf7 28. Rxf7+ Kxf7 29. Qh6) 25... Qd8 $16 26. Bxg7 {[#] Intending Qh6 and mate.} Kxg7 27. Bd3 {Black must now prevent Re7.} Qxg5 28. Nxg5 {Strongly threatening Re7.} Nc7 29. Re7 Rcd8 30. Be4 $36 {[%mdl 2048] Threatens to win with Rc1. White is on the roll.} Ne8 (30... Kf6 $16 31. Rxd7 Rxd7) 31. Ne6+ $18 Bxe6 32. dxe6 d5 33. Ra7 dxe4 (33... Rd6 {was called for.}) 34. e7 Rxd4 {And now ...Rh8 would win.} 35. exf8=Q+ ({Weaker is} 35. exf8=N Kxf8 36. Rxa5 Nd6 $18) (35. exf8=B+ $142 Kxf8 36. Rxa5) 35... Kxf8 36. Rxa5 {[%mdl 4096] Endgame KRR-KRN} Nd6 37. b4 f5 $2 (37... Rd3 {was worth a try.} 38. a4 bxa4 39. R1xa4 (39. R5xa4 Rb3 $18) 39... e3 40. fxe3 Rxe3) 38. g3 Ke7 39. Kf1 Ke6 40. Ke2 Rc4 41. Rd1 Rc2+ 42. Ke3 $4 {[%mdl 8192]} (42. Rd2 $18 Rc6 43. Ra2) 42... Rc6 $4 {[%mdl 8192]} (42... Nc4+ $19 {and life is good for Black.} 43. Kd4 Nxa5 44. bxa5 Rc4+ 45. Ke3 Ra4) 43. a4 Rb6 $2 (43... Nc4+ 44. Kf4 Nxa5 45. axb5 Rb6 46. bxa5 Rxb5) 44. axb5 Nxb5 45. Rda1 Nd6 (45... Nc7 $142 46. b5 Ke5) 46. Ra6 Rxb4 47. Rd1 Rb8 (47... Rb3+ $18 48. Ke2 Rd3 49. Rxd3 exd3+ 50. Kxd3 f4) 48. Rdxd6+ {Precision: White = 57%, Black = 31%.} 1-0

[Event "HUN-chT Youth-Children 2018"]
[Site "Zalakaros"]
[Date "2018.07.28"]
[Round "5"]
[White "Borhy, Marcell"]
[Black "Tubak, Daniel"]
[Result "1/2-1/2"]
[WhiteElo "2234"]
[BlackElo "2168"]
[Annotator "TA"]
[PlyCount "82"]
[EventDate "2018.07.26"]
[EventType "team-tourn"]
[EventCountry "HUN"]
[SourceTitle "playchess.com"]
[Source "ChessBase"]
[SourceQuality "1"]

{[%evp 31,82,22,31,-12,-8,-36,-27,-54,8,8,8,13,8,0,10,1,14,12,12,12,12,11,11,12,12,9,33,33,27,22,27,0,0,0,0,0,8,0,0,0,0,0,0,0,0,0,0,0,0,0,0,0,0]} 1. d4 Nf6 2. c4 g6 3. Nf3 Bg7 4. g3 O-O 5. Bg2 d6 6. O-O Nbd7 7. Nc3 c6 8. e4 e5 9. h3 Qa5 10. Re1 exd4 11. Nxd4 Ne5 12. Bf1 Re8 13. Be3 c5 {E69: King's Indian: Fianchetto: 6...Nbd7 7 0-0 e5 8 e4 c6 9 h3} (13... Be6 14. Nxe6 Rxe6 15. Kg2 Ned7 16. Qd2 Rae8 17. Rab1 Qc7 18. f3 a6 19. Rbd1 b5 20. cxb5 axb5 21. Ne2 d5 22. Nd4 dxe4 23. Nxe6 exf3+ 24. Kxf3 Rxe6 {1-0 (47) Bacallao Alonso,Y (2605)-Almeida Quintana,O (2526) Havana 2018}) 14. Nb3 Qb4 15. Bd2 Qb6 16. f4 Nc6 $1 {LiveBook: 4 Games} 17. Nd5 Qd8 18. Nxf6+ $146 ({Predecessor:} 18. Bg2 a5 19. Bc3 a4 20. Nd2 a3 21. Bxf6 Bxf6 22. Nxf6+ Qxf6 {0-1 (36) Peetoom,F (1952)-Will,M (1989) ICCF email 2013}) 18... Bxf6 19. Qc2 Nd4 (19... a5 $15 20. Bc3 a4) 20. Nxd4 $11 Bxd4+ 21. Be3 Bg7 22. Bd2 f5 23. Bc3 fxe4 24. Bxg7 Kxg7 25. Rxe4 Bf5 26. Rxe8 Bxc2 27. Rxd8 Rxd8 {[%mdl 4096] Endgame KRB-KRB} 28. Bg2 b6 29. Re1 {Black must now prevent Re7+.} Kf8 30. Kf2 Re8 31. g4 Rxe1 {The position is equal.} 32. Kxe1 {KB-KB} Bb1 33. a3 Ba2 34. Bd5 b5 35. b4 $1 cxb4 36. axb4 Bxc4 37. Bg2 d5 38. Kd2 d4 39. Be4 Kf7 40. h4 Kf6 41. Ke1 Be6 {Precision: White = 55%, Black = 56%.} 1/2-1/2

[Event "HUN-chT Youth-Children 2018"]
[Site "Zalakaros"]
[Date "2018.07.28"]
[Round "5"]
[White "Margl, Roland"]
[Black "Kovacsy, Barnabas"]
[Result "1-0"]
[WhiteElo "2183"]
[BlackElo "2075"]
[Annotator "TA"]
[PlyCount "75"]
[EventDate "2018.07.26"]
[EventType "team-tourn"]
[EventCountry "HUN"]
[SourceTitle "playchess.com"]
[Source "ChessBase"]
[SourceQuality "1"]

{[%evp 12,75,16,0,6,-20,-29,-34,22,22,26,3,33,18,16,18,18,16,16,10,15,15,20,19,32,25,39,10,57,57,57,56,60,68,75,67,73,73,62,36,83,83,79,75,101,91,87,87,89,89,82,82,196,187,211,169,665,527,5431,5202,29973,29973,29976,29978,29977,29977]} 1. Nf3 d5 2. d4 c5 3. e3 e6 4. Be2 Nf6 5. O-O Nc6 6. b3 cxd4 7. exd4 {LiveBook: 6 Games} Bd6 {D05: Colle System with ...e6} (7... Be7 8. a3 O-O 9. Bd3 a6 10. Bb2 b5 11. Nbd2 b4 12. axb4 Nxb4 13. Be2 a5 14. c3 Nc6 15. Ba3 {½-½ (38) Burmakin,V (2508)-Lintchevski,D (2532) Kazan 2017}) 8. Bg5 O-O 9. c4 Re8 $146 (9... h6 $15 10. Be3 Ng4) ({Predecessor:} 9... dxc4 10. bxc4 Be7 11. h3 b6 12. Be3 Bb7 13. Nbd2 Qc7 14. Rc1 {½-½ (43) Perruchoud,P (2175)-Roschina,T (2283) Martigny 2005}) 10. Nc3 $11 Be7 11. Ne5 Nd7 (11... dxc4 {keeps more tension.} 12. Nxc6 bxc6 13. bxc4 Qa5 14. Qc1 e5) 12. Bxe7 Qxe7 13. cxd5 Ndxe5 14. dxe5 exd5 15. Qxd5 Qxe5 (15... Qb4 {feels hotter.} 16. Qd2 Rxe5 17. Rad1 Be6 18. Bf3 Re8) 16. Qxe5 Rxe5 17. Rfd1 Be6 18. Bf3 Rc8 19. Ne4 Bd5 20. Rxd5 Rxd5 {[#]} 21. Nf6+ $1 {[%mdl 512]} gxf6 22. Bxd5 $14 {[%mdl 4096] Endgame KRB-KRN} Nb4 23. Bxb7 Rc7 24. Bf3 Nxa2 25. h4 Nb4 26. Be4 Rd7 27. f3 Nd3 28. Rd1 Nc5 29. Rxd7 Nxd7 $16 {KB-KN} 30. Kf2 h6 31. Ke3 Kf8 {[#]} (31... Nc5 $16 {was necessary.}) 32. Kd4 $1 $18 Ke7 33. Bf5 Ne5 $2 (33... Nf8 34. Bd3 Ne6+ 35. Ke3 a5) 34. Kc5 Kd8 35. Kd6 h5 36. f4 {White mates.} Ng6 37. Bxg6 fxg6 38. Ke6 {Precision: White = 70%, Black = 38%.} 1-0

[Event "HUN-chT Youth-Children 2018"]
[Site "Zalakaros"]
[Date "2018.07.28"]
[Round "5"]
[White "Egyed, Judit"]
[Black "Acs, Marton"]
[Result "1-0"]
[WhiteElo "2171"]
[BlackElo "2204"]
[Annotator "ChessBase"]
[PlyCount "113"]
[EventDate "2018.07.26"]
[EventType "team-tourn"]
[EventCountry "HUN"]
[SourceTitle "playchess.com"]
[Source "ChessBase"]
[SourceQuality "1"]
[TimeControl "5400+30"]

1. e4 {[%emt 0:00:00]} e5 {[%emt 0:00:11]} 2. Nf3 {[%emt 0:00:00]} Nc6 {[%emt 0:00:10]} 3. Bb5 {[%emt 0:00:00]} a6 {[%emt 0:00:12]} 4. Ba4 {[%emt 0:00:00]} Nf6 {[%emt 0:00:10]} 5. O-O {[%emt 0:00:22]} Be7 {[%emt 0:00:13]} 6. Re1 {[%emt 0:00:17]} b5 {[%emt 0:00:11]} 7. Bb3 {[%emt 0:00:05]} d6 {[%emt 0:00:17]} 8. c3 {[%emt 0:00:16]} O-O {[%emt 0:00:13]} 9. h3 {[%emt 0:00:06]} Nb8 {[%emt 0:00:58]} 10. d4 {[%emt 0:00:39]} Nbd7 {[%emt 0:00:07]} 11. Nbd2 {[%emt 0:00:26]} Bb7 {[%emt 0:00:17]} 12. Bc2 {[%emt 0:00:24]} c5 {[%emt 0:02:21]} 13. d5 {[%emt 0:00:58]} c4 {[%emt 0:00:24]} 14. Nf1 {[%emt 0:00:39]} Qc7 {[%emt 0:01:35]} 15. Ng3 {[%emt 0:00:42]} Rfb8 {[%emt 0:00:55]} 16. Nf5 {[%emt 0:01:04]} Bf8 {[%emt 0:00:09]} 17. Nh2 {[%emt 0:04:05]} Nc5 {[%emt 0:07:57]} 18. Ng4 {[%emt 0:09:25]} Ne8 {[%emt 0:04:55]} 19. Qf3 {[%emt 0:33:36]} Kh8 {[%emt 0:10:13]} 20. h4 {[%emt 0:05:38]} Bc8 {[%emt 0:05:16]} 21. h5 {[%emt 0:01:48]} f6 {[%emt 0:06:42]} 22. Nge3 {[%emt 0:05:30]} Bxf5 {[%emt 0:12:12]} 23. Nxf5 {[%emt 0:02:20]} a5 {[%emt 0:07:19]} 24. Qg4 {[%emt 0:03:01]} b4 {[%emt 0:04:34]} 25. Re3 {[%emt 0:00:18]} b3 {[%emt 0:05:56]} 26. axb3 {[%emt 0:00:35]} cxb3 {[%emt 0:00:37]} 27. Bb1 {[%emt 0:00:03]} a4 {[%emt 0:00:43]} 28. Rg3 {[%emt 0:00:34]} Qf7 {[%emt 0:00:53]} 29. Nh4 a3 {[%emt 0:08:13]} 30. Ng6+ {[%emt 0:12:57]} Kg8 {[%emt 0:00:02]} 31. Rxa3 {[%emt 0:00:19]} Rxa3 {[%emt 0:01:06]} 32. bxa3 {[%emt 0:00:15]} b2 {[%emt 0:01:23]} 33. Be3 {[%emt 0:00:15]} Rb3 {[%emt 0:07:33]} 34. Bxc5 {[%emt 0:02:51]} dxc5 {[%emt 0:00:11]} 35. Nxf8 {[%emt 0:00:07]} Kxf8 {[%emt 0:00:31]} 36. c4 {[%emt 0:00:21]} Qb7 {[%emt 0:03:13]} 37. Qd1 {[%emt 0:02:18]} Rb6 {[%emt 0:03:15]} 38. Rc3 {[%emt 0:03:14]} Nd6 {[%emt 0:00:57]} 39. g3 {[%emt 0:03:08]} Nxe4 {[%emt 0:04:58]} 40. Bxe4 {[%emt 0:00:29]} b1=Q {[%emt 0:00:07]} 41. Bxb1 {[%emt 0:00:01]} Rxb1 {[%emt 0:00:07]} 42. Rc1 {[%emt 0:00:02]} Rxc1 {[%emt 0:00:13]} 43. Qxc1 {[%emt 0:00:04]} Qb3 {[%emt 0:00:05]} 44. h6 {[%emt 0:06:32]} g5 {[%emt 0:01:05]} 45. a4 {[%emt 0:02:08]} Qxa4 {[%emt 0:01:45]} 46. Qb1 {[%emt 0:01:43]} Qxc4 {[%emt 0:01:00]} 47. Qb8+ {[%emt 0:01:14]} Kf7 {[%emt 0:00:45]} 48. Qc7+ {[%emt 0:00:05]} Kg6 {[%emt 0:00:31]} 49. Qg7+ {[%emt 0:01:24]} Kh5 {[%emt 0:00:44]} 50. Qxh7 {[%emt 0:01:00]} Qxd5 {[%emt 0:00:19]} 51. Qg7 {[%emt 0:01:01]} Qd1+ {[%emt 0:01:08]} 52. Kg2 {[%emt 0:00:23]} Kg4 {[%emt 0:00:55]} 53. Qxf6 {[%emt 0:00:19]} Qd3 {[%emt 0:00:39]} 54. Qf7 {[%emt 0:00:41]} e4 {[%emt 0:00:32]} 55. h7 {[%emt 0:00:28]} Qc3 {[%emt 0:00:20]} 56. h8=Q {[%emt 0:00:27]} Qxh8 {[%emt 0:00:10]} 57. f3+ {[%emt 0:00:02]} 1-0

[Event "HUN-chT Youth-Children 2018"]
[Site "Zalakaros"]
[Date "2018.07.28"]
[Round "5"]
[White "Losonczi, Marcell"]
[Black "Reviczki, Roland"]
[Result "1-0"]
[WhiteElo "2149"]
[BlackElo "1931"]
[Annotator "TA"]
[PlyCount "57"]
[EventDate "2018.07.26"]
[EventType "team-tourn"]
[EventCountry "HUN"]
[SourceTitle "playchess.com"]
[Source "ChessBase"]
[SourceQuality "1"]

{[%evp 28,57,74,63,61,60,64,64,64,60,69,59,61,68,83,35,69,51,104,87,117,85,124,120,199,200,275,277,308,314,557,443]} 1. e4 c5 2. Nf3 Nc6 3. d4 cxd4 4. Nxd4 Nf6 5. Nc3 e5 6. Ndb5 {[%cal Bd4b5,Bb5a3,Ba3c2,Bc2b4][%mdl 32]} d6 7. Bg5 a6 8. Na3 b5 9. Nd5 Be7 10. Bxf6 Bxf6 11. c3 Bg5 12. Nc2 O-O 13. a4 Rb8 14. axb5 axb5 15. Be2 {LiveBook: 4 Games} Ne7 {B33: Sicilian: Pelikan and Sveshnikov Variations} (15... f5 16. Bf3 Kh8 17. O-O Qe8 18. Qd3 Ne7 19. Nxe7 Qxe7 20. exf5 Bxf5 21. Be4 Be6 22. Rfd1 d5 23. Bxd5 {0-1 (50) Rigo,Z (2402)-Mester,G (2420) Hungary 2006}) 16. Ncb4 {Threatens to win with Nxe7+.} Bb7 17. O-O Kh8 {White is slightly better.} 18. Nxe7 Qxe7 19. Ra7 Qc7 $146 ({Predecessor:} 19... Qe6 20. Bg4 Qh6 21. Nd5 g6 22. Nb6 Bxe4 23. Nd7 {0-1 (42) Hauksdottir,H (1616)-Hjartarson,B (2112) Mosfellsbaer 2010}) 20. Qd3 Qb6 21. Raa1 Rfd8 22. Nd5 Qc6 (22... Bxd5 $14 23. Qxd5 Kg8) 23. Rfd1 $36 {[%mdl 2048] Keeping Black busy.} g6 24. Ra5 b4 25. cxb4 {[%cal Bc3b4,Bb4b5][%mdl 32]} f5 (25... Rdc8 $16 {was worth a try.}) 26. exf5 $18 {[%cal Be4f5,Bf5g6][%mdl 32]} Qd7 27. fxg6 Bxd5 28. Rxd5 Qb7 $2 {[#]} (28... Qe6 29. b5 Qxg6 30. Qxg6 hxg6 31. Rxd6 Be7) 29. b5 1-0